Những bài học từ kinh nghiệm tăng trưởng của khu vực Đông và Đông Nam á (Sách tham khảo)
Sách gồm một số bài viết của các nhóm chuyên gia quốc tế về các vấn đề và chính sách phát triển, về các nhân tố cơ bản tạo cơ sở cho sự tăng trưởng nhanh của các nền kinh tế Đông, Đông Nam á, cùng những bài học kinh nghiệm rút ra tìu...
Na minha lista:
| Formato: | Livro |
|---|---|
| Idioma: | Undetermined |
| Publicado em: |
Hà Nội
Chính Trị Quốc Gia
1999
|
| Assuntos: | |
| Tags: |
Adicionar Tag
Sem tags, seja o primeiro a adicionar uma tag!
|
| Thư viện lưu trữ: | Trung tâm Học liệu Trường Đại học Cần Thơ |
|---|
| LEADER | 01062nam a2200181Ia 4500 | ||
|---|---|---|---|
| 001 | CTU_31070 | ||
| 008 | 210402s9999 xx 000 0 und d | ||
| 020 | |b 15.500đ | ||
| 082 | |a 330.95 | ||
| 082 | |b Nh556 | ||
| 245 | 0 | |a Những bài học từ kinh nghiệm tăng trưởng của khu vực Đông và Đông Nam á (Sách tham khảo) | |
| 260 | |a Hà Nội | ||
| 260 | |b Chính Trị Quốc Gia | ||
| 260 | |c 1999 | ||
| 520 | |a Sách gồm một số bài viết của các nhóm chuyên gia quốc tế về các vấn đề và chính sách phát triển, về các nhân tố cơ bản tạo cơ sở cho sự tăng trưởng nhanh của các nền kinh tế Đông, Đông Nam á, cùng những bài học kinh nghiệm rút ra tìư sự phát triển của các nền kinh tế này | ||
| 650 | |a southeast asia - economic conditions,southeast asia - economic policy | ||
| 904 | |i Minh, 990607 | ||
| 980 | |a Trung tâm Học liệu Trường Đại học Cần Thơ | ||